000 00275nam a2200121Ia 4500
100 _aO''''Brien/ J.A.
942 _cBK
654 _aInformation System
245 _aManagement Information System
260 _bGalgotia
_aNew Delhi
_c1994
300 _a670
546 _aENGLISH
999 _c19214
_d19214